[Event "2017JohnSchleinich"]
[Site "Calgary"]
[Date "2017.??.??"]
[Round "3.2"]
[White "Kobalenko, Jerry"]
[Black "Haessel, Dale"]
[Result "1-0"]
[WhiteElo "2173"]
[BlackElo "2294"]
[PlyCount "73"]
[EventDate "2017.??.??"]
[SourceDate "2017.09.01"]

1. Nf3 Nf6 2. g3 b5 3. a4 b4 4. c4 Bb7 5. d4 c5 6. Bg2 e6 7. O-O Be7 8. e3 O-O
9. b3 d5 10. Nbd2 Nc6 11. Bb2 Ne4 12. Nxe4 dxe4 13. Nd2 cxd4 14. exd4 f5 15.
Nxe4 fxe4 16. Bxe4 Bf6 17. Qh5 h6 18. Rad1 Na5 19. Bc2 Qc7 20. Rfe1 Rfe8 21.
Qg6 Kf8 22. Bc1 Qf7 23. Qh7 Qg8 24. Qg6 Qf7 25. Qh7 Re7 26. Bf4 Rd8 27. Be3
Red7 28. d5 Be7 29. Rd4 e5 30. Rg4 Rd6 31. Bxa7 Bc8 32. Rg6 Nb7 33. Rxe5 Bf6
34. Qh8+ Qg8 35. Qxg8+ Kxg8 36. Re1 Kf7 37. Kg2 1-0

[Event "InternationalQualif8ier"]
[Site "Calgary"]
[Date "2017.??.??"]
[Round "1.14"]
[White "Fernado. Ronald"]
[Black "Harris, Adam"]
[Result "1-0"]
[WhiteElo "200"]
[BlackElo "1863"]
[PlyCount "66"]
[EventDate "2017.??.??"]
[SourceDate "2017.09.01"]

1. e4 e5 2. Nf3 Nc6 3. Bb5 a6 4. Ba4 Nf6 5. O-O Nxe4 6. d4 b5 7. Bb3 d5 8. dxe5
Be6 9. c3 Be7 10. h3 O-O 11. Bc2 Qd7 12. Nbd2 f5 13. exf6 Nxf6 14. Re1 b4 15.
Ba4 Bc5 16. Qe2 bxc3 17. bxc3 Ne4 18. Nxe4 dxe4 19. Qxe4 Bd5 20. Qxd5+ Qxd5 21.
Bb3 Rad8 22. Be3 Bxe3 23. Rxe3 Kh8 24. Bxd5 Rxd5 25. Rb1 Ra5 26. Rb7 Rxa2 27.
Rxc7 Nd8 28. Ree7 Rg8 29. Rcd7 h6 30. Ne5 Kh7 31. Ng4 Kg6 32. Rd6+ Kh5 33. Kh2
Rxf2 1-0

[Event "2017MOK"]
[Site "Calgary"]
[Date "2017.??.??"]
[Round "5.2"]
[White "Haessel, Dale"]
[Black "Harris, Adam"]
[Result "1-0"]
[WhiteElo "2286"]
[BlackElo "1868"]
[PlyCount "59"]
[EventDate "2017.??.??"]
[SourceDate "2017.09.01"]

1. d4 Nf6 2. c4 e6 3. Nc3 Bb4 4. e3 O-O 5. Nge2 d5 6. a3 Be7 7. Nf4 b6 8. cxd5
exd5 9. g3 c6 10. Bg2 Ba6 11. Nd3 c5 12. O-O cxd4 13. exd4 Nc6 14. Re1 Bb7 15.
Nf4 Na5 16. Qd3 Nb3 17. Ncxd5 Bxd5 18. Nxd5 Nxc1 19. Nxe7+ Qxe7 20. Raxc1 Qd7
21. Bxa8 Rxa8 22. Rc2 h5 23. Rec1 h4 24. Rc7 Qh3 25. Qc4 Rf8 26. Rc8 Ng4 27.
Rxf8+ Kh7 28. Qd3+ g6 29. Rxf7+ Kh6 30. Qd2+ 1-0

[Event "2017 Alberta Seniors Championship"]
[Site "?"]
[Date "2017.04.08"]
[Round "2"]
[White "Frialde, Arniel"]
[Black "Karmali, Hafiz"]
[Result "1-0"]
[WhiteElo "2189"]
[BlackElo "1982"]
[PlyCount "71"]
[EventDate "2017.??.??"]
[SourceDate "2017.09.01"]

1. d4 e6 2. Nf3 f5 3. g3 b6 4. Bg2 Bb7 5. O-O Nf6 6. Bg5 Be7 7. c4 O-O 8. Nc3
d6 9. Bxf6 Bxf6 10. Qb3 c5 11. dxc5 dxc5 12. Rad1 Qe7 13. Nb5 Nc6 14. Nd6 Na5
15. Qc2 Bc6 16. b4 cxb4 17. c5 Bc3 18. e4 fxe4 19. Nxe4 Bxe4 20. Qxe4 bxc5 21.
h4 g6 22. Ng5 Rae8 23. Bh3 Rf6 24. f4 Bd4+ 25. Kh2 Nc4 26. Rfe1 Nd6 27. Qc6 Nf5
28. Ne4 Rff8 29. Ng5 e5 30. fxe5 Bxe5 31. Bxf5 Rxf5 32. Re3 Ref8 33. Rde1 Qf6
34. Qd5+ Kg7 35. Rxe5 Rf1 36. Re7+ 1-0

[Event "2017 Alberta Seniors Championship"]
[Site "?"]
[Date "2017.04.09"]
[Round "4"]
[White "Daniluk, Jim"]
[Black "Karmali, Hafiz"]
[Result "1/2-1/2"]
[WhiteElo "1964"]
[BlackElo "1982"]
[PlyCount "63"]
[EventDate "2017.??.??"]
[SourceDate "2017.09.01"]

1. d4 Nf6 2. Nf3 e6 3. c4 Ne4 4. Nbd2 f5 5. g3 b6 6. Bg2 Bb7 7. O-O c5 8. e3 d6
9. Qa4+ Nd7 10. Re1 Be7 11. Qc2 O-O 12. b3 Ndf6 13. dxc5 bxc5 14. Ng5 Nxg5 15.
Bxb7 Nh3+ 16. Kg2 Rb8 17. Bf3 Ng5 18. Be2 Qc7 19. h4 Qb7+ 20. f3 Ng4 21. Nf1
Nf7 22. Bb2 Bf6 23. Rad1 Rbd8 24. Bxf6 Nxf6 25. Bd3 g5 26. Bxf5 exf5 27. Qxf5
Qe7 28. hxg5 Nh5 29. f4 Ng7 30. Qd5 Qe6 31. Rd3 Qxd5+ 32. Rxd5 1/2-1/2

[Event "Alberta Closed"]
[Site "?"]
[Date "2017.04.15"]
[Round "3"]
[White "Valencia, Belsar"]
[Black "Kazmaier, Dan"]
[Result "1/2-1/2"]
[WhiteElo "2380"]
[BlackElo "2302"]
[PlyCount "77"]
[EventDate "2017.??.??"]
[SourceDate "2017.09.01"]

1. c4 d6 2. Nc3 Nc6 3. g3 e5 4. Bg2 f5 5. d3 Nf6 6. e3 g6 7. Nge2 Bg7 8. f4 O-O
9. O-O Ne7 10. Rb1 c6 11. b3 Qa5 12. Bd2 Qc7 13. Rc1 Be6 14. Na4 c5 15. Nac3 a6
16. e4 Rab8 17. Nd5 Qd7 18. a4 b5 19. Nxf6+ Bxf6 20. axb5 axb5 21. fxe5 dxe5
22. Be3 Rfd8 23. Bxc5 Qxd3 24. Qxd3 Rxd3 25. cxb5 Rxb5 26. b4 Bg5 27. Rc3 Rd7
28. Rc2 Bb3 29. Rb2 Bc4 30. Ra1 Rc7 31. Bf2 Bxe2 32. Rxe2 Rxb4 33. exf5 Nxf5
34. Rxe5 Bf6 35. Re8+ Kf7 36. Rae1 Be7 37. Ra8 Rb2 38. Bd5+ Kg7 39. Ra2 1/2-1/2

[Event "Alberta Closed"]
[Site "?"]
[Date "2017.04.16"]
[Round "5"]
[White "Banerjee, Bitan"]
[Black "Kazmaier, Dan"]
[Result "1-0"]
[WhiteElo "2434"]
[BlackElo "2302"]
[PlyCount "109"]
[EventDate "2017.??.??"]
[SourceDate "2017.09.01"]

1. d4 d6 2. c4 e5 3. d5 f5 4. e4 fxe4 5. Nc3 Nf6 6. Bg5 Bf5 7. Nge2 Be7 8. Ng3
Bg6 9. h4 h6 10. Bxf6 gxf6 11. Be2 O-O 12. Bg4 f5 13. Bxf5 Rxf5 14. Qg4 Rf6 15.
h5 Qd7 16. Rh4 Qxg4 17. Rxg4 Kf7 18. hxg6+ Rxg6 19. Rxg6 Kxg6 20. Ngxe4 a6 21.
Ke2 Nd7 22. a3 h5 23. Rh1 Rf8 24. b4 h4 25. Rh3 Rf4 26. Rd3 Kf5 27. f3 Kg6 28.
Rd1 Rf8 29. Rc1 Nb6 30. c5 Nc4 31. a4 dxc5 32. bxc5 c6 33. d6 Bd8 34. Nd1 b5
35. cxb6 Nxb6 36. Rxc6 Nxa4 37. Rxa6 Nb6 38. Ne3 Rh8 39. Ra5 Nd7 40. Ra7 Nb6
41. Rb7 h3 42. gxh3 Rxh3 43. Ng4 Kf5 44. Rf7+ Ke6 45. Rf8 Bh4 46. Rh8 Nd5 47.
Rh6+ Kf5 48. d7 Nf4+ 49. Ke3 Be7 50. Nd6+ Kg5 51. Nf7+ Kf5 52. Rd6 Ng2+ 53. Kf2
Nh4 54. Ne3+ Kf4 55. Nd5+ 1-0

[Event "2017MOK"]
[Site "Calgary"]
[Date "2017.??.??"]
[Round "4.11"]
[White "Qin, Kevin"]
[Black "Khoshooei, Milad"]
[Result "1/2-1/2"]
[WhiteElo "1158"]
[BlackElo "1304"]
[PlyCount "35"]
[EventDate "2017.??.??"]
[SourceDate "2017.09.01"]

1. e4 e5 2. Nf3 Nc6 3. d4 d6 4. dxe5 Nxe5 5. Nxe5 dxe5 6. Qxd8+ Kxd8 7. Nc3 c6
8. Bc4 f6 9. O-O Kc7 10. Be3 Bb4 11. Ne2 Bg4 12. f3 Bh5 13. Ng3 Bg6 14. a3 Ba5
15. b4 Bb6 16. Bxb6+ axb6 17. Rfd1 h5 18. h4 1/2-1/2

[Event "InternationalQualifier"]
[Site "Calgary"]
[Date "2017.??.??"]
[Round "3.5"]
[White "Bin Shoeb, Mashad"]
[Black "Kluytmans, Frank"]
[Result "1-0"]
[WhiteElo "1848"]
[BlackElo "1658"]
[PlyCount "83"]
[EventDate "2017.??.??"]
[SourceDate "2017.09.01"]

1. e4 c5 2. Bc4 e6 3. Nf3 Nc6 4. O-O a6 5. c3 Qc7 6. Na3 b5 7. Be2 Nf6 8. d3
Be7 9. Nc2 O-O 10. h3 h6 11. Be3 d5 12. exd5 Nxd5 13. d4 c4 14. Qd2 Nxe3 15.
Nxe3 Rd8 16. Qc2 Bb7 17. Rad1 Bf8 18. Ng4 Ne7 19. Nge5 Nd5 20. Nd2 Nf4 21. Bf3
Bxf3 22. Ndxf3 f6 23. Ng6 Nxg6 24. Qxg6 Qf7 25. Qe4 Rd5 26. Rfe1 Re8 27. b3 g5
28. bxc4 bxc4 29. Nd2 Ra5 30. Ra1 Ra3 31. Nxc4 Rxc3 32. d5 e5 33. Rac1 Rxc1 34.
Rxc1 Rd8 35. Rd1 Bc5 36. a4 Bd4 37. Ne3 Bxe3 38. fxe3 Kg7 39. Qc4 f5 40. Qc6
Qa7 41. Rd3 f4 42. a5 1-0

[Event "2017JohnSchleinich"]
[Site "Calgary"]
[Date "2017.??.??"]
[Round "2.2"]
[White "Findlay, Ian"]
[Black "Kobalenko, Jerry"]
[Result "1-0"]
[WhiteElo "2289"]
[BlackElo "2173"]
[PlyCount "63"]
[EventDate "2017.??.??"]
[SourceDate "2017.09.01"]

1. e4 c5 2. Nf3 e6 3. d4 cxd4 4. Nxd4 Nc6 5. Nc3 Qc7 6. Be2 Nf6 7. O-O a6 8.
Be3 Bb4 9. Na4 Bd6 10. f4 Nxe4 11. c4 Nc5 12. Nf5 exf5 13. Nxc5 O-O 14. Na4 Re8
15. Rf3 b5 16. Nb6 Rxe3 17. Nxa8 Qa7 18. Rxe3 Bc5 19. Kh1 Bxe3 20. cxb5 axb5
21. Bxb5 Qxa8 22. Qe2 Bc5 23. Qe8+ Bf8 24. Bc4 d5 25. Bxd5 Qb7 26. Qxc6 Qxb2
27. Rd1 Qe2 28. Bf3 Qe6 29. Qxe6 fxe6 30. Rc1 Bd7 31. Bc6 Bxc6 32. Rxc6 1-0

[Event "InternationalQualifier"]
[Site "Calgary"]
[Date "2017.??.??"]
[Round "1.2"]
[White "Dave, Bhavik"]
[Black "Kobalenko, Jerry"]
[Result "1-0"]
[WhiteElo "1845"]
[BlackElo "2176"]
[PlyCount "51"]
[EventDate "2017.??.??"]
[SourceDate "2017.09.01"]

1. d4 Nf6 2. c4 g6 3. Nc3 Bg7 4. e4 d6 5. f4 c5 6. d5 O-O 7. Nf3 Nbd7 8. Bd3 e6
9. O-O exd5 10. exd5 Re8 11. f5 Ng4 12. Bg5 Bf6 13. fxg6 hxg6 14. Qd2 Kg7 15.
h3 Bxg5 16. Nxg5 Nh6 17. Nxf7 Nxf7 18. Rxf7+ Kxf7 19. Qh6 Nf8 20. Rf1+ Bf5 21.
Bxf5 Kg8 22. Bxg6 Re7 23. Ne4 Nxg6 24. Nf6+ Kf7 25. Qh7+ Kf8 26. Qg8# 1-0

[Event "2017MOK"]
[Site "Calgary"]
[Date "2017.??.??"]
[Round "1.4"]
[White "Sharma, Vishruth"]
[Black "Kobalenko, Jerry"]
[Result "0-1"]
[WhiteElo "1608"]
[BlackElo "2211"]
[PlyCount "58"]
[EventDate "2017.??.??"]
[SourceDate "2017.09.01"]

1. e4 c5 2. Nf3 e6 3. d4 cxd4 4. Nxd4 a6 5. Be3 Nf6 6. Nc3 Qc7 7. f3 Bb4 8. Qd2
d5 9. Bd3 e5 10. Nb3 d4 11. Nxd4 exd4 12. Bxd4 Nbd7 13. O-O-O Bc5 14. Qe3 O-O
15. g4 Bxd4 16. Qxd4 Qf4+ 17. Kb1 Ne5 18. Rhf1 Nxf3 19. Qf2 Bxg4 20. Be2 Nd2+
21. Ka1 Qxf2 22. Rxf2 Bxe2 23. Rxe2 Nc4 24. e5 Ng4 25. e6 fxe6 26. Rxe6 Rae8
27. Rxe8 Rxe8 28. h4 Nge3 29. Rc1 Rf8 0-1

[Event "2017MOK"]
[Site "Calgary"]
[Date "2017.??.??"]
[Round "3.2"]
[White "Haessel, Dale"]
[Black "Kostadinov, Georgi"]
[Result "1-0"]
[WhiteElo "2286"]
[BlackElo "2081"]
[PlyCount "52"]
[EventDate "2017.??.??"]
[SourceDate "2017.09.01"]

1. d4 d5 2. c4 c6 3. Nc3 Nf6 4. e3 a6 5. Nf3 Bf5 6. Be2 e6 7. Nh4 Be4 8. f3 Bg6
9. O-O c5 10. cxd5 exd5 11. Nxg6 hxg6 12. Qc2 Bd6 13. a3 cxd4 14. exd4 Nc6 15.
Be3 Kf8 16. Rfe1 Qc7 17. Bf1 Na5 18. Rac1 Rc8 19. Bf2 b5 20. Qb1 Qb7 21. a4 Nc4
22. axb5 axb5 23. Nxb5 Qxb5 24. b3 Qd7 25. bxc4 dxc4 26. Qa1 c3 1-0

[Event "2017 Alberta Seniors Championship"]
[Site "?"]
[Date "2017.04.08"]
[Round "2"]
[White "Findlay, Ian"]
[Black "Majaducon, Willy"]
[Result "1-0"]
[WhiteElo "2300"]
[BlackElo "1821"]
[PlyCount "83"]
[EventDate "2017.??.??"]
[SourceDate "2017.09.01"]

1. e4 d6 2. d4 c6 3. Nc3 Qc7 4. Be3 e5 5. Qd2 Nf6 6. f3 d5 7. exd5 Nxd5 8. Nxd5
cxd5 9. dxe5 Qxe5 10. O-O-O Be7 11. Bf4 Qf6 12. Ne2 Be6 13. h4 h6 14. Bg5 Qe5
15. Bxe7 Kxe7 16. Nf4 Rd8 17. Bd3 Nc6 18. Rde1 Qc7 19. Bf5 Rd6 20. Bxe6 fxe6
21. Nxd5+ Rxd5 22. Qxd5 Qf4+ 23. Kb1 Qf6 24. Qb5 Kf8 25. Rd1 Rc8 26. Rd7 a6 27.
Qc5+ Ne7 28. Qb4 b5 29. Qd4 Rc4 30. Qxf6+ gxf6 31. Rhd1 Nd5 32. Rh7 Rc5 33. c3
Kg8 34. Ra7 Rc6 35. Rd4 f5 36. g4 f4 37. Kc2 Rd6 38. Kd2 e5 39. Rd3 Kf8 40. b3
Ke8 41. a3 Rd8 42. Rxa6 1-0

[Event "2017 Alberta Seniors Championship"]
[Site "?"]
[Date "2017.04.08"]
[Round "1"]
[White "Karmali, Hafiz"]
[Black "McKay, Arnold"]
[Result "1-0"]
[WhiteElo "1982"]
[BlackElo "1819"]
[PlyCount "145"]
[EventDate "2017.??.??"]
[SourceDate "2017.09.01"]

1. d4 Nf6 2. c4 e6 3. Nc3 Bb4 4. e3 O-O 5. Bd3 d5 6. Nf3 c5 7. O-O cxd4 8. exd4
dxc4 9. Bxc4 b6 10. Qb3 Bxc3 11. bxc3 Qc7 12. Ne5 Nc6 13. Nxc6 Qxc6 14. Bb5 Qc7
15. g3 Bb7 16. Bf4 Qe7 17. Rfe1 Nd5 18. Bc1 Rfd8 19. Bf1 Nf6 20. Bg2 Bxg2 21.
Kxg2 Qb7+ 22. f3 Rd5 23. Bb2 Rad8 24. c4 Rf5 25. Rad1 Qc6 26. Re3 Rc8 27. Rc3
Rh5 28. d5 exd5 29. cxd5 Qd7 30. Rxc8+ Qxc8 31. h4 Nd7 32. Re1 h6 33. Re7 Rf5
34. Qb5 Qc2+ 35. Re2 Qc8 36. Qc6 Qd8 37. d6 Rc5 38. Qb7 Rc8 39. Kh3 Nc5 40. Qe7
Qd7+ 41. g4 Qxe7 42. Rxe7 Rd8 43. Be5 Rd7 44. Rxd7 Nxd7 45. Bd4 f6 46. f4 Kf7
47. f5 Ke8 48. g5 h5 49. Kg3 Nc5 50. Kf4 Kf7 51. g6+ Ke8 52. Bxc5 bxc5 53. Ke4
c4 54. Kd4 c3 55. Kxc3 Kd7 56. Kc4 Kxd6 57. Kd4 a5 58. a4 Kc6 59. Kc4 Kd6 60.
Kb5 Ke5 61. Kxa5 Kxf5 62. Kb6 Kg4 63. a5 Kxh4 64. a6 Kg5 65. a7 Kxg6 66. a8=Q
Kh6 67. Kc5 g5 68. Qh8+ Kg6 69. Qe8+ Kh6 70. Qf7 h4 71. Qxf6+ Kh5 72. Qf3+ Kh6
73. Kd4 1-0

[Event "2017 Alberta Seniors Championship"]
[Site "?"]
[Date "2017.04.09"]
[Round "5"]
[White "Beresinski, Piotr"]
[Black "McKay, Arnold"]
[Result "1/2-1/2"]
[WhiteElo "1921"]
[BlackElo "1819"]
[PlyCount "97"]
[EventDate "2017.??.??"]
[SourceDate "2017.09.01"]

1. b3 e5 2. Bb2 Nc6 3. e3 d6 4. Bb5 Bd7 5. Ne2 Nf6 6. d4 exd4 7. Nxd4 Nxd4 8.
Bxd7+ Qxd7 9. Qxd4 Qg4 10. Qxg4 Nxg4 11. Nd2 Ne5 12. O-O-O O-O-O 13. h3 Rg8 14.
Bxe5 dxe5 15. Nc4 Rxd1+ 16. Rxd1 f6 17. e4 Bc5 18. f3 Rd8 19. Rd5 Rxd5 20. exd5
b5 21. Na5 Kd7 22. c4 Bb6 23. Nc6 bxc4 24. bxc4 Ke8 25. Kc2 Kf7 26. Kd3 Kg6 27.
Ke4 Kg5 28. Ne7 g6 29. Ng8 Bd4 30. h4+ Kxh4 31. Nxf6 h5 32. g4 Kg5 33. Nh7+ Kh6
34. Nf6 Kg5 35. Nxh5 gxh5 36. gxh5 Kxh5 37. f4 exf4 38. Kxd4 Kg4 39. c5 f3 40.
d6 cxd6 41. c6 f2 42. c7 f1=Q 43. c8=Q+ Kg5 44. Qg8+ Kh6 45. Qe6+ Kg5 46. Qd5+
Kg4 47. Qe4+ Kg5 48. Qd5+ Kg4 49. Qe4+ 1/2-1/2

[Event "2017JohnSchleinich"]
[Site "Calgary"]
[Date "2017.??.??"]
[Round "2.7"]
[White "Zhao, Ian"]
[Black "Milne, Arthur"]
[Result "1-0"]
[WhiteElo "1803"]
[BlackElo "1665"]
[PlyCount "96"]
[EventDate "2017.??.??"]
[SourceDate "2017.09.01"]

1. e4 a6 2. d4 b5 3. Nf3 Bb7 4. Bd3 d6 5. O-O Nd7 6. Bf4 Ngf6 7. Re1 e6 8. c3
Be7 9. h3 O-O 10. Nbd2 Re8 11. Bh2 Bf8 12. e5 Nd5 13. Qc2 g6 14. Ne4 N7b6 15.
Rad1 Nc8 16. b4 Bg7 17. Bg3 h6 18. Qd2 Qe7 19. Bc2 a5 20. a3 Rd8 21. Bb3 axb4
22. axb4 Ncb6 23. Qe2 Bc6 24. Ra1 Na4 25. Qc2 Ndb6 26. Nfd2 dxe5 27. Bxe5 Bxe5
28. dxe5 Nd5 29. Nf3 Nab6 30. Rad1 Nf4 31. Nd4 Be8 32. Nf6+ Kg7 33. Qc1 Nbd5
34. Ne4 Ra6 35. Kh2 g5 36. Nc5 Ra7 37. g3 Ng6 38. Qc2 Kf8 39. Qd3 Ra3 40. Qf3
Kg8 41. Bxd5 Rxd5 42. Nf5 Qd8 43. Rxd5 Qxd5 44. Qxd5 exd5 45. Nxh6+ Kh7 46. Ng4
Bc6 47. Re3 Kg7 48. Rd3 Ra2 1-0

[Event "2017MOK"]
[Site "Calgary"]
[Date "2017.??.??"]
[Round "1.1"]
[White "Ng, Gary"]
[Black "Milne, Arthur"]
[Result "1-0"]
[WhiteElo "2354"]
[BlackElo "1656"]
[PlyCount "57"]
[EventDate "2017.??.??"]
[SourceDate "2017.09.01"]

1. Nf3 a6 2. c4 b5 3. b3 Bb7 4. e3 c6 5. Bb2 d6 6. d4 Nd7 7. Nbd2 Ngf6 8. Bd3
g6 9. O-O Bg7 10. Qc2 O-O 11. Rfe1 Re8 12. e4 Nh5 13. Rad1 Nf4 14. Bf1 e5 15.
g3 Ne6 16. dxe5 dxe5 17. Bh3 Qe7 18. Nf1 Red8 19. Ne3 Bc8 20. cxb5 axb5 21.
Qxc6 Rxa2 22. Nd5 Qe8 23. Bxe6 Qxe6 24. Qc7 Re8 25. Qc1 Qg4 26. Rd3 f5 27. Nd2
Bb7 28. Ne3 Qh3 29. Rxd7 1-0

[Event "Alberta Closed"]
[Site "?"]
[Date "2017.04.15"]
[Round "3"]
[White "Haessel, Dale"]
[Black "Ng, Gary"]
[Result "1-0"]
[WhiteElo "2284"]
[BlackElo "2352"]
[PlyCount "125"]
[EventDate "2017.??.??"]
[SourceDate "2017.09.01"]

1. d4 Nf6 2. c4 e6 3. Nc3 Bb4 4. e3 O-O 5. Nge2 Re8 6. a3 Bf8 7. g3 d5 8. cxd5
exd5 9. Bg2 c6 10. O-O Bf5 11. f3 g6 12. Nf4 Bg7 13. g4 Bc8 14. h3 Nfd7 15. e4
dxe4 16. fxe4 Nf8 17. Be3 Ne6 18. Nfe2 Qh4 19. Qd2 h6 20. d5 cxd5 21. exd5 Ng5
22. Nf4 Qg3 23. Rae1 Be5 24. Kh1 Nxh3 25. Nce2 Qh4 26. Nxh3 Bxg4 27. Bf2 Qd8
28. Nd4 Bxh3 29. Bxh3 Qxd5+ 30. Bg2 Qd7 31. Qxh6 Nc6 32. Nxc6 bxc6 33. Rd1 Qc7
34. Bd4 Rab8 35. Rd3 Red8 36. Bxe5 Qxe5 37. Rh3 Qg7 38. Qxg7+ Kxg7 39. b3 Rh8
40. Rxh8 Rxh8+ 41. Kg1 Rb8 42. Bxc6 f5 43. b4 Rb6 44. b5 a6 45. a4 axb5 46.
axb5 Kf6 47. Re1 g5 48. Re8 f4 49. Rg8 Kf5 50. Kf2 g4 51. Bd7+ Ke5 52. Rxg4 Rd6
53. Bc6 Rd2+ 54. Ke1 Rb2 55. Rg2 Rb1+ 56. Kd2 Rb3 57. Kc2 Rh3 58. Rd2 f3 59.
Rd5+ Kf4 60. Rf5+ Kxf5 61. Bd7+ Ke4 62. Bxh3 Kd5 63. Kd2 1-0

[Event "2017MOK"]
[Site "Calgary"]
[Date "2017.??.??"]
[Round "4.2"]
[White "Kostadinov, Georgi"]
[Black "Ng, Gary"]
[Result "1/2-1/2"]
[WhiteElo "2080"]
[BlackElo "2354"]
[PlyCount "76"]
[EventDate "2017.??.??"]
[SourceDate "2017.09.01"]

1. d4 Nf6 2. c4 e6 3. Nf3 b6 4. g3 Ba6 5. Qa4 c5 6. Bg2 Bb7 7. e3 Be7 8. Nc3
O-O 9. O-O Qc8 10. Rd1 a6 11. Bd2 d6 12. Rac1 Nbd7 13. a3 Bc6 14. Qb3 Rb8 15.
d5 exd5 16. Nxd5 Bxd5 17. cxd5 b5 18. Bc3 Ne4 19. Ba5 Qe8 20. Qc2 f5 21. Ne1
Bd8 22. Bxd8 Rxd8 23. Nd3 g5 24. a4 Ne5 25. Nxe5 Qxe5 26. Bf1 Rb8 27. axb5 axb5
28. Ra1 c4 29. Ra7 Ra8 30. f4 Qe8 31. Rda1 Rxa7 32. Rxa7 Qb8 33. Ra6 Rc8 34.
Qd1 Qb7 35. Ra1 Qb6 36. Qd4 Qxd4 37. exd4 gxf4 38. gxf4 Kf7 1/2-1/2

[Event "2017MOK"]
[Site "Calgary"]
[Date "2017.??.??"]
[Round "2.1"]
[White "Zhao, Ian"]
[Black "Ng, Gary"]
[Result "1/2-1/2"]
[WhiteElo "1859"]
[BlackElo "2354"]
[PlyCount "111"]
[EventDate "2017.??.??"]
[SourceDate "2017.09.01"]

1. e4 c5 2. c3 Nf6 3. e5 Nd5 4. d4 e6 5. Nf3 Be7 6. c4 Nb6 7. d5 d6 8. exd6
Qxd6 9. Nc3 exd5 10. cxd5 a6 11. Be3 O-O 12. Qd2 Bf5 13. Bf4 Qd8 14. d6 Bf6 15.
Be2 Re8 16. O-O Nc6 17. Bd3 Qd7 18. Rad1 c4 19. Bxf5 Qxf5 20. Be3 Nd7 21. Nd4
Nxd4 22. Bxd4 b5 23. Bxf6 Nxf6 24. Nd5 Nxd5 25. Qxd5 Qxd5 26. Rxd5 Rad8 27.
Rfd1 Rd7 28. Kf1 f6 29. Rc5 Rb8 30. Rc7 Rdd8 31. Rc6 a5 32. Rd5 Kf7 33. Rcc5
Ke6 34. Rxb5 Rxb5 35. Rxb5 Kxd6 36. Ke2 Kc6 37. Rxa5 Rb8 38. b3 cxb3 39. axb3
Rxb3 40. Ra7 g5 41. Rxh7 Kd6 42. h4 gxh4 43. Rxh4 Ke5 44. Rh5+ Ke6 45. f3 Rb2+
46. Kf1 Kf7 47. Rd5 Ke6 48. Rd3 Kf5 49. Re3 Kf4 50. Re4+ Kg5 51. Re2 Rb1+ 52.
Kf2 Rb5 53. g3 Kf5 54. g4+ Kg6 55. Kg3 Kf7 56. Re4 1/2-1/2

[Event "Alberta Closed"]
[Site "?"]
[Date "2017.04.16"]
[Round "5"]
[White "Valencia, Belsar"]
[Black "Ng, Gary"]
[Result "1/2-1/2"]
[WhiteElo "2380"]
[BlackElo "2352"]
[PlyCount "71"]
[EventDate "2017.??.??"]
[SourceDate "2017.09.01"]

1. c4 e5 2. Nc3 Nf6 3. Nf3 Nc6 4. a3 d5 5. cxd5 Nxd5 6. e4 Nb6 7. Bb5 Bd6 8. d4
exd4 9. Nxd4 Bd7 10. Be3 Qh4 11. g3 Qe7 12. Nxc6 bxc6 13. Be2 O-O 14. O-O Be6
15. Qc2 Nc4 16. Nd1 Nxe3 17. Nxe3 Be5 18. Bc4 Bh3 19. Rfd1 Qf6 20. Rab1 Bd4 21.
Nf5 Bxf5 22. exf5 c5 23. b3 Rfe8 24. Re1 Re5 25. Rxe5 Qxe5 26. Kg2 Re8 27. Qd3
Kf8 28. Qf3 Qe4 29. Qxe4 Rxe4 30. Kf3 Re5 31. g4 Ke7 32. Rd1 a5 33. Rd2 f6 34.
Re2 Kd6 35. Rxe5 Kxe5 36. a4 1/2-1/2

[Event "Alberta Closed"]
[Site "?"]
[Date "2017.04.14"]
[Round "1"]
[White "Kazmaier, Daniel"]
[Black "Ng, Gary"]
[Result "0-1"]
[WhiteElo "2302"]
[BlackElo "2352"]
[PlyCount "100"]
[EventDate "2017.??.??"]
[SourceDate "2017.09.01"]

1. d4 Nf6 2. Nf3 e6 3. c4 b6 4. g3 Ba6 5. Qc2 c5 6. Bg2 Bb7 7. O-O Nc6 8. Rd1
Nb4 9. Qb3 Be4 10. Na3 Be7 11. Bd2 O-O 12. Ne5 Bxg2 13. Kxg2 Qb8 14. Bxb4 cxb4
15. Nc2 a5 16. Qa4 Rc8 17. Ne3 Qb7+ 18. f3 d6 19. Nd3 d5 20. b3 Qa6 21. Ne5 Rc7
22. Rac1 Rac8 23. Rc2 Ne8 24. Rdc1 Nd6 25. Kf2 Bg5 26. f4 Bf6 27. a3 Ne4+ 28.
Ke1 Bxe5 29. fxe5 Nc3 30. Rxc3 bxc3 31. Rxc3 Qb7 32. c5 Qc6 33. Qxc6 Rxc6 34.
b4 bxc5 35. bxc5 Rb8 36. Nd1 f6 37. exf6 gxf6 38. Kd2 Kf7 39. Rf3 Rc7 40. Nc3
Rcb7 41. Rf1 Rb2+ 42. Kd3 R8b3 43. a4 Ke7 44. g4 Ra2 45. Rf3 Kd7 46. h4 e5 47.
Rxf6 e4+ 48. Ke3 Rxc3+ 49. Kf4 Rxe2 50. Rf7+ Ke6 0-1

[Event "InternationalQualifier"]
[Site "Calgary"]
[Date "2017.??.??"]
[Round "1.4"]
[White "Husain, Ali"]
[Black "Nguyen, Kim"]
[Result "0-1"]
[WhiteElo "1837"]
[BlackElo "2127"]
[PlyCount "84"]
[EventDate "2017.??.??"]
[SourceDate "2017.09.01"]

1. e4 c6 2. d4 d5 3. Nc3 dxe4 4. Nxe4 Nd7 5. Nf3 Ngf6 6. Nxf6+ Nxf6 7. Bc4 Bf5
8. O-O e6 9. Re1 Qc7 10. Be3 Bd6 11. h3 Nd5 12. Bd2 O-O-O 13. a4 h6 14. Qe2 g5
15. Bd3 g4 16. Bxf5 gxf3 17. Bxe6+ fxe6 18. Qxe6+ Kb8 19. g4 Bf4 20. Be3 Bxe3
21. Rxe3 Nxe3 22. Qxe3 h5 23. g5 h4 24. Re1 Rhg8 25. Qxf3 Rxg5+ 26. Kf1 Rdg8
27. Re4 Qd6 28. c3 Rf8 29. Qe3 Rgf5 30. Re8+ Rxe8 31. Qxe8+ Kc7 32. Qe4 Qf6 33.
Qe2 Qg5 34. Qc2 Qf4 35. Qe2 Qc1+ 36. Kg2 Rg5+ 37. Kf3 Rf5+ 38. Kg2 Qg5+ 39. Kf1
Rf7 40. Qe4 Qg3 41. Qe2 Qxh3+ 42. Ke1 Qf5 0-1

[Event "2017 Red Deer Open"]
[Site "?"]
[Date "2017.05.14"]
[Round "4"]
[White "Koperski, Dustin"]
[Black "Papneja, Arul"]
[Result "1/2-1/2"]
[WhiteElo "1792"]
[BlackElo "1569"]
[PlyCount "54"]
[EventDate "2017.??.??"]
[SourceDate "2017.09.01"]

1. e4 c5 2. d4 cxd4 3. c3 dxc3 4. Nxc3 Nc6 5. Nf3 d6 6. Bc4 e6 7. O-O Be7 8.
Qe2 Nf6 9. Rd1 e5 10. h3 O-O 11. Bg5 Be6 12. Nd5 Bxd5 13. Bxd5 Nxd5 14. exd5
Bxg5 15. dxc6 Bf6 16. cxb7 Rb8 17. Qe4 Qb6 18. Rab1 Rfd8 19. Rd3 Qxb7 20. Nd2
d5 21. Qg4 e4 22. Rb3 Qe7 23. Rxb8 Rxb8 24. Qf4 Be5 25. Qe3 Rxb2 26. Rxb2 Bxb2
27. Qb3 Be5 1/2-1/2

[Event "2017JohnSchleinich"]
[Site "Calgary"]
[Date "2017.??.??"]
[Round "2.8"]
[White "Timmerman, Brian"]
[Black "Papneja, Arul"]
[Result "1-0"]
[WhiteElo "1698"]
[BlackElo "1457"]
[PlyCount "103"]
[EventDate "2017.??.??"]
[SourceDate "2017.09.01"]

1. e4 c5 2. Nf3 d6 3. d4 cxd4 4. Nxd4 Nf6 5. Nc3 a6 6. h3 e6 7. g4 Be7 8. g5
Nfd7 9. h4 Nc6 10. Be3 Qc7 11. Qd2 Nce5 12. f4 Nc4 13. Bxc4 Qxc4 14. f5 Ne5 15.
O-O-O Qc7 16. b3 Bd7 17. h5 O-O-O 18. Kb2 Kb8 19. Nce2 Ng4 20. g6 Nxe3 21. Qxe3
e5 22. Nf3 fxg6 23. hxg6 h6 24. Nc3 Bc6 25. Nd5 Qd7 26. Rd3 Bxd5 27. Rxd5 Rc8
28. Rhd1 Rc6 29. Kb1 Rhc8 30. Nxe5 Qc7 31. Nxc6+ Qxc6 32. Qd3 Ka8 33. Rd2 Qc7
34. Rxd6 Qa5 35. Qd5 Rc5 36. Rd8+ Ka7 37. Qd3 Bf6 38. Rd5 Qa3 39. c4 Rxd5 40.
exd5 Bg5 41. d6 Bxd2 42. Qxd2 Qc5 43. d7 Qxf5+ 44. Kb2 Qf6+ 45. Ka3 Qf8+ 46. c5
Qd8 47. b4 h5 48. Qf2 Kb8 49. Qf4+ Ka8 50. Qf7 Kb8 51. Qxg7 h4 52. Qe5+ 1-0

[Event "2017 Trumpeter Classic"]
[Site "Grande Prairie, AB"]
[Date "2017.06.03"]
[Round "1"]
[White "Tim Pradzinski"]
[Black "Paul McGinnis"]
[Result "1-0"]
[WhiteElo "1928"]
[BlackElo "1625"]
[PlyCount "51"]
[EventDate "2017.??.??"]
[SourceDate "2017.09.01"]

1. e4 d6 2. d4 Nf6 3. Bd3 Nbd7 4. h3 e5 5. Be3 Be7 6. Ne2 c6 7. O-O Qc7 8. Nd2
h6 9. f4 exf4 10. Bxf4 g5 11. Bh2 Qb6 12. Nc4 Qd8 13. Bxd6 b5 14. Bxe7 Qxe7 15.
Na5 Nb8 16. Ng3 Qb4 17. Rxf6 Qxa5 18. Qf3 Be6 19. Rxe6+ fxe6 20. Qf6 Rh7 21.
Qg6+ Rf7 22. Rf1 Qc7 23. Qxe6+ Qe7 24. Qc8+ Qd8 25. Qxd8+ Kxd8 26. Rxf7 1-0